African security review (Record no. 83811)

MARC details
000 -LEADER
fixed length control field 00936nam a2200205 a 4500
008 - FIXED-LENGTH DATA ELEMENTS--GENERAL INFORMATION
fixed length control field 100111s2002 ||||||||||||||||| || u
050 ## - LIBRARY OF CONGRESS CALL NUMBER
Classification number ISS(05)
110 ## - MAIN ENTRY--CORPORATE NAME
Corporate name or jurisdiction name as entry element Institute for Security Studies (ISS)
245 10 - TITLE STATEMENT
Title African security review
260 ## - PUBLICATION, DISTRIBUTION, ETC.
Place of publication, distribution, etc. Pretoria:
Name of publisher, distributor, etc. ISS
Date of publication, distribution, etc. 2002-
300 ## - PHYSICAL DESCRIPTION
Extent vols.
350 ## -
-- 0.00
650 ## - SUBJECT ADDED ENTRY--TOPICAL TERM
Topical term or geographic name entry element HUMAN RIGHTS--AFRICA
650 #7 - SUBJECT ADDED ENTRY--TOPICAL TERM
Topical term or geographic name entry element AFRICA
Source of heading or term fast
650 ## - SUBJECT ADDED ENTRY--TOPICAL TERM
Topical term or geographic name entry element NATIONAL SECURITY--AFRICA
650 ## - SUBJECT ADDED ENTRY--TOPICAL TERM
Topical term or geographic name entry element CONFLICT MANAGEMENT--AFRICA
995 ## -
-- SPECIAL COLLECTIONS
-- 0.00
-- 55206
-- CBU-MAIN LIBRARY (Kitwe)
-- 1
-- 0.00
-- ISS(05)ASR/13/1
-- 1
-- AVAILABLE
-- 55206
-- International Publications
995 ## -
-- SPECIAL COLLECTIONS
-- 0.00
-- 03001693
-- CBU-MAIN LIBRARY (Kitwe)
-- 1
-- 0.00
-- ISS(05)ASR/11/2
-- 3
-- AVAILABLE
-- Mar 14, 2007
-- Z03001693
-- International Publications
995 ## -
-- SPECIAL COLLECTIONS
-- 0.00
-- 09011374
-- CBU-MAIN LIBRARY (Kitwe)
-- 2
-- 0.00
-- ISS(05)ASR/11/4
-- 2
-- AVAILABLE
-- Z09011374
-- International Publications
999 ## -
-- 83811
-- 83811
Holdings
Withdrawn status Lost status Source of classification or shelving scheme Damaged status Not for loan Permanent Location Current Location Shelving location Date acquired Total Checkouts Full call number Barcode Date last seen Copy number Price effective from Koha item type
          CBU-MAIN LIBRARY, KITWE. CBU-MAIN LIBRARY, KITWE.   01/08/2024   ISS(05)ASR/13/1 55206 01/08/2024 1 01/08/2024 SPECIAL COLLECTION
          CBU-MAIN LIBRARY, KITWE. CBU-MAIN LIBRARY, KITWE.   01/08/2024   ISS(05)ASR/11/2 Z03001693 01/08/2024 2 01/08/2024 SPECIAL COLLECTION
          CBU-MAIN LIBRARY, KITWE. CBU-MAIN LIBRARY, KITWE.   01/08/2024   ISS(05)ASR/11/4 Z09011374 01/08/2024 3 01/08/2024 SPECIAL COLLECTION